MARC details
| 000 -LEADER |
| fixed length control field |
00981cam a2200325ui 4500 |
| 001 - CONTROL NUMBER |
| control field |
200429023 |
| 003 - CONTROL NUMBER IDENTIFIER |
| control field |
TR-AnTOB |
| 005 - DATE AND TIME OF LATEST TRANSACTION |
| control field |
20241011110726.0 |
| 007 - PHYSICAL DESCRIPTION FIXED FIELD--GENERAL INFORMATION |
| fixed length control field |
ta |
| 008 - FIXED-LENGTH DATA ELEMENTS--GENERAL INFORMATION |
| fixed length control field |
150428m20162014tu g j tur d |
| 020 ## - INTERNATIONAL STANDARD BOOK NUMBER |
| International Standard Book Number |
9786055108373 |
| 040 ## - CATALOGING SOURCE |
| Original cataloging agency |
TR-AnTOB |
| Language of cataloging |
eng |
| Description conventions |
rda |
| Transcribing agency |
TR-AnTOB |
| Modifying agency |
TR-AnTOB |
| 041 0# - LANGUAGE CODE |
| Language code of text/sound track or separate title |
Türkçe |
| 050 0# - LIBRARY OF CONGRESS CALL NUMBER |
| Classification number |
PL248.T678 |
| Item number |
A57 2016 |
| 090 ## - LOCALLY ASSIGNED LC-TYPE CALL NUMBER (OCLC); LOCAL CALL NUMBER (RLIN) |
| Classification number (OCLC) (R) ; Classification number, CALL (RLIN) (NR) |
PL248.T678 |
| Local cutter number (OCLC) ; Book number/undivided call number, CALL (RLIN) |
A57 2016 |
| 100 1# - MAIN ENTRY--PERSONAL NAME |
| Personal name |
Tosun, Necip, |
| Dates associated with a name |
1960- |
| 9 (RLIN) |
106281 |
| 245 1# - TITLE STATEMENT |
| Title |
Ansızın hayat / |
| Statement of responsibility, etc. |
Necip Tosun. |
| 250 ## - EDITION STATEMENT |
| Edition statement |
İkinci Basım |
| Remainder of edition statement |
Ekim 2016 |
| 264 ## - PRODUCTION, PUBLICATION, DISTRIBUTION, MANUFACTURE, AND COPYRIGHT NOTICE |
| Place of production, publication, distribution, manufacture |
Ankara : |
| Name of producer, publisher, distributor, manufacturer |
Hece Yayınları, |
| Date of production, publication, distribution, manufacture, or copyright notice |
2016. |
| 300 ## - PHYSICAL DESCRIPTION |
| Extent |
123 pages ; |
| Dimensions |
22 cm. |
| 336 ## - CONTENT TYPE |
| Content type term |
text |
| Source |
rdacontent |
| 337 ## - MEDIA TYPE |
| Media type term |
unmediated |
| Source |
rediamedia |
| 338 ## - CARRIER TYPE |
| Carrier type term |
volume |
| Source |
rdacarrier |
| 490 0# - SERIES STATEMENT |
| Series statement |
Hece Yayınları ; |
| Volume/sequential designation |
311 |
| International Standard Serial Number |
Öykü |
| 650 #0 - SUBJECT ADDED ENTRY--TOPICAL TERM |
| Topical term or geographic name entry element |
Turkish literature |
| 9 (RLIN) |
7783 |
|
| Topical term or geographic name entry element |
Türk edebiyatı |
| 9 (RLIN) |
86354 |
| 856 ## - ELECTRONIC LOCATION AND ACCESS |
| Uniform Resource Identifier |
<a href="http://hece.com.tr/kategori/_Oyku/Ansizin_Hayat.html">http://hece.com.tr/kategori/_Oyku/Ansizin_Hayat.html</a> |
| Materials specified |
Publisher web page |
| 942 ## - ADDED ENTRY ELEMENTS (KOHA) |
| Koha item type |
Book |
| Source of classification or shelving scheme |
Library of Congress Classification |